| 000 | 00991nam a22002417a 4500 | ||
|---|---|---|---|
| 999 |
_c3910 _d3910 |
||
| 005 | 20241119134029.0 | ||
| 008 | 241119b ||||| |||| 00| 0 eng d | ||
| 020 | _a9781782959618 | ||
| 040 | _cKH8 | ||
| 082 | _aFIC GRA | ||
| 100 |
_aGray , Kes _eAuthor |
||
| 245 |
_aDaisy and the trouble with maggots _cKes Gray |
||
| 260 |
_a London, _bRed Fox, _c2020 |
||
| 300 |
_a221 pages : _b illustrations ; _c20 cm. |
||
| 500 | _aIllustrations and text on inside covers Originally published: 2010 Includes index Formerly CIP | ||
| 520 | _aDaisy is incredibly excited when her uncle offers to take her on a fishing trip. There's so much new stuff to learn! Like how water witches turn fishermen into dog poos and why it's a really, really bad idea to use wriggly tiggly maggots as catapult amunition | ||
| 521 | _aChildren's stories | ||
| 650 | _aChildren's stories | ||
| 650 | _aFiction | ||
| 650 | _aJuvenile works | ||
| 700 |
_aParsons, Garry _eIllustrator |
||
| 942 |
_2ddc _cFIC |
||